| 000 | 01605nam a2200229Ia 4500 | ||
|---|---|---|---|
| 003 | Ost | ||
| 005 | 20260507075658.0 | ||
| 008 | 260507s9999||||xx |||||||||||||| ||und|| | ||
| 040 | _cfsecg | ||
| 041 | _aara | ||
| 082 | _a346.08 | ||
| 100 |
_aابراهيم، سيد أحمد _eمؤلف |
||
| 245 | 0 |
_aالحماية التشريعية المدنية والجنائية لبطاقات الدفع الاليكترونى : _bبطاقات الائتمان / _c سيد أحمد ابراهيم |
|
| 260 |
_aالاسكندرية: _bالدار الجامعية, _c2005 |
||
| 300 |
_a205 صفحة؛ _bإيضاحات ؛ _c24 سم |
||
| 504 | _aالمراجع ص.201 | ||
| 520 | _aتعريف بطاقات الائتمان، وجوب تنفيد الالتزام، الجزاء لعدم تنفيد الالتزام، مصطلح بطاقة الائتمان، أنواع وطبيعة الائتمان وحمايتها من الناحية المدنية، الحماية الجنائية لبطاقات الدفع الاليكتروني، ماهية ومفهوم الحماية، في مجال ومرحلة التعاقد، في مجال ومرحلة تنفيذ العقد، الآثار المترتبة على اجتماع المسؤوليتين المدنية والجنائية، حجية الحكم الجنائي الصادر بالبراءة، الأحكام العامة لجريمة التزوير والحكم الجنائي بشأنها. | ||
| 653 | _aالتشريع-قوانين | ||
| 653 | _aالمصارف- قوانين وأنظمة | ||
| 653 | _aبطاقات الائتمان | ||
| 942 | _cكتاب | ||
| 999 |
_c45745 _d45745 |
||